000 00824nam a2200205 a 4500
001 000345583
003 AM-YeHGA
005 20250618072148.0
008 040622s1926 ai ||||gr|||||||||||arm|d
040 _aAM-YeHGA
041 0 _aarm
100 1 _aՀովհաննիսյան, Աշոտ Գարեգինի,
_d1887-1972
_91864
245 1 1 _a«Համազգային կրիզիսը» :
_b(Նոյեմբերյան հեղափոխության հինգերորդ տարեդարձի առթիվ) /
_cԱ. Հովհաննիսյան ; ՀՍԽՀ.
260 _aՅերևան :
_bՊետհրատ,
_c1926.
300 _a30 էջ ;
_c20 սմ.
650 1 4 _aՔաղաքականություն
710 2 _aՀայաստանի Սոցիալիստական Խորհրդային Հանրապետություն
_94724
942 _2udc
_cBK
090 _c132963
999 _c131597
_d131597